000 00619cam a22001811 4500
082 _a624.18341
_bPEA
_cL-19 P-22
100 1 _aPeabody, Dean,
_943114
245 1 4 _aThe design of reinforced concrete structures,
_cby Dean Peabody, Jr. ...
250 _a2d ed.
260 _aNew York,
_bJ. Wiley & Sons, inc.;
_aLondon,
_bChapman & Hall, limited
_c[1946]
300 _axi, 532 p.
_billus., diagrs.
_c22 cm.
500 _aFirst edition published 1936.
526 _a0
_b0
_c0
_d624_183410000000000_PEA
650 0 _aConcrete construction.
650 0 _aMCE
_9379
650 0 _aReinforced concrete.
_940928
942 _2ddc
_cBK
999 _c546911
_d546911